000 00380nam a22001337a 4500
020 _qPB.
040 _cFIZZA ISHAQ
082 _a599.935
_bWEL
100 _aWells , Spencer.
_9133828
245 _aDeep Ancestry: Inside the Geographic Project /
_cSpencer Wells.
260 _aNew York:
_bNational Geographic,
_c2007.
300 _a247 P. ;
_c5.2 x 1 x 8.1 inches
942 _2ddc
_cBK
999 _c616802
_d616802